Casas del mañana / (Registro nro. 11774)

Detalles MARC
000 -LEADER
fixed length control field 00454nam a2200169 4500
003 - CONTROL NUMBER IDENTIFIER
control field DO-SdBNP
005 - DATE AND TIME OF LATEST TRANSACTION
control field 20161104085805.0
008 - FIXED-LENGTH DATA ELEMENTS--GENERAL INFORMATION
fixed length control field 161104b1985 mx||||| |||| 00| 0 spa d
020 ## - INTERNATIONAL STANDARD BOOK NUMBER
International Standard Book Number 0531043622
040 ## - CATALOGING SOURCE
Original cataloging agency BPMSU
Language of cataloging spa
Transcribing agency BPMSU
100 ## - MAIN ENTRY--PERSONAL NAME
Personal name Ardley, Neil
245 ## - TITLE STATEMENT
Title Casas del mañana /
Statement of responsibility, etc. Neil Ardley
260 ## - PUBLICATION, DISTRIBUTION, ETC. (IMPRINT)
Place of publication, distribution, etc. México :
Name of publisher, distributor, etc. Campaña Editorial Continental
Date of publication, distribution, etc. 1981
300 ## - PHYSICAL DESCRIPTION
Extent 34 p. :
Other physical details il. :
Dimensions 29 cm
942 ## - ADDED ENTRY ELEMENTS (KOHA)
Source of classification or shelving scheme Dewey Decimal Classification
Koha item type Libros
956 ## - LOCAL ELECTRONIC LOCATION AND ACCESS (OCLC)
Host name dgarcia
Existencias
Withdrawn status Lost status Source of classification or shelving scheme Damaged status Not for loan Collection code Home library Current library Date acquired Source of acquisition Total Checkouts Barcode Date last seen Price effective from Koha item type
    Dewey Decimal Classification     Colección Juvenil General Biblioteca Pública Metropolitana Salomé Ureña Biblioteca Pública Metropolitana Salomé Ureña 11/04/2016 Donado   BPMSU16110045 11/04/2016 11/04/2016 Libros